| 000 | 00628 a2200205 4500 | ||
|---|---|---|---|
| 001 | 62624 | ||
| 005 | 20260407155919.0 | ||
| 008 | 260407a1966 arg spa d | ||
| 003 | AR-UNSa-BCEJYS | ||
| 040 |
_aAR-UNSa-BCEJYS _bspa _cAR-UNSa-BCEJYS |
||
| 080 |
_a354(410) _xGobierno central de Inglaterra |
||
| 245 | 1 | 0 | _aLa administración central en Gran Bretaña |
| 264 | 1 |
_aMadrid : _bCFYPF (Centro de Formación y Perfeccionamiento de Funcionarios) _c1966 |
|
| 300 |
_a586 p. _c22 cm. |
||
| 041 | _aspa | ||
| 942 | _cBK | ||
| 590 | _aniveau_biblio:m niveau_hierar:0 | ||
| 100 | 1 | _aMackenzie, W.J.M. | |
| 700 | 1 | _aGrove, J.W. | |
| 999 |
_c7724 _d7724 |
||